Biblioteca

Cómo convertirse en un hábil investigador / Wayne C. Booth , Gregory G. Colomb , Joseph M. Williams ; José A. Álvarez, Traductor (Registro nro. 31983)

Detalles MARC
000 -LÍDER
Campo fijo de descripción fija 012790000a22002170004500
001 - NÚMERO DE CONTROL
Campo de control 458
003 - IDENTIFICADOR DEL NÚMERO DE CONTROL
Campo de control CO-MdBIC
020 ## - NÚMERO INTERNACIONAL NORMALIZADO PARA LIBROS
Número Internacional Normalizado del libro 84-7432-817-9
040 ## - FUENTE DE CATALOGACIÓN
Idioma de catalogación spa.
082 04 - NÚMERO DE CLASIFICACIÓN DECIMAL DEWEY
Número de clasificación G 001.42 B7251c
245 10 - TÍTULO
Título del Material Cómo convertirse en un hábil investigador / Wayne C. Booth , Gregory G. Colomb , Joseph M. Williams ; José A. Álvarez, Traductor
260 ## - PUBLICACIÓN, DISTRIBUCIÓN, ETC. (PIE DE IMPRENTA)
Lugar de publicación, distribución, etc. Barcelona, España : Gedisa
300 ## - DESCRIPCIÓN FÍSICA
Extensión 318 Pag.
336 ## - CONTENT TYPE
Content type term texto
Content type code txt
Source rdacontent
337 ## - MEDIA TYPE
Source rdamedia
Media type term sin mediación
Media type code n
338 ## - CARRIER TYPE
Source rdacarrier
Carrier type term volumen
Carrier type code nc
500 ## - NOTA GENERAL
Nota General Título original : The Craft of research
505 00 - NOTA DE CONTENIDO
Nota de contenido con formato preestablecido EL pensamiento en letra impresa: el uso de la investigación pública y de la privada -- Para comunicarse a sí mismo y a su audiencia -- De los temas a las preguntas -- De las preguntas a los problemas -- De las preguntas a las fuentes -- La utilización de fuentes documentales -- Construir buenos argumentos: una visión de conjunto -- Afirmaciones y evidencia -- Justificaciones -- Condicionamientos -- Pasos previos y confección de un borrador -- La comunicación visual de la evidencia -- La revisión de la organización y del argumento -- La revisión de estilo: para que cuente su historia claramente -- Introducciones.
650 14 - ASIENTO SECUNDARIO DE MATERIA - TERMINO TEMÁTICO
Término temático o nombre geográfico como elemento de entrada METODOS DE INVESTIGACION
942 ## - TIPO DE MATERIAL (KOHA)
Tipo de Item KOHA Libros General
Existencias
Estado de Material Estado de Perdido Estado de Dañado No para Préstamo Colección Tomo Biblioteca de Origen Biblioteca Permanente Fecha de Adquisición Total de Préstamos Total de Renovaciones Signatura Topográfica Código de Barras Última vez visto Última vez Préstado Ejemplar/Existencia Fecha de Remplazo Tipo de Material
        Colección General   Biblioteca FUSBC Biblioteca FUSBC 15/09/2004 5 2 G 001.42 B7251c 28669 02/02/2024 10/01/2024 1 26/01/2016 Libros General

Biblioteca FUSBC | Teléfono: (57+4) 349 88 10 Ext. 141| WhatsApp (+57) 3005338115 
E-mail: biblioteca@unisbc.edu.co | Calle 76 87-14 Robledo Palenque, Medellín, Colombia

Con tecnología Koha